| 000 | 00408nam a22001697a 4500 | ||
|---|---|---|---|
| 003 | SGT | ||
| 020 | _a9780367396061 | ||
| 082 |
_a617.645 _bR02D |
||
| 100 | _aDuggal, M. S...[et. al.] | ||
| 245 | _aRestorative techniques in Pediatric Dentistry | ||
| 250 | _a2nd | ||
| 260 |
_bC.R.C. Press _c2002 |
||
| 300 | _a141 | ||
| 650 | _aPediatric Dentistry | ||
| 653 | _aPediatric Dentistry | ||
| 942 |
_2ddc _cBK _01 |
||
| 999 |
_c23037 _d23037 |
||